00827cam a22002411 4500001001300000003000400013005001700017008004100034010001700075025001900092035002000111040001800131042001200149050002000161110004500181245013700226260004400363300001800407500001700425650003100442740009500473999001700568sa 66001873 DLC20260227112225.0861103s1964 ii 000 0 eng  asa 66001873  aPL480:I-E-4927 a(OCoLC)14628563 aDLCcWaUdDLC apremarc00aHE1783.I4bA4851 aIndia (Republic).bRailway Inspectorate.10aRailway accidents;breport on accident to no. 14 down Madras-Bombay Janata express at Kosgi (Southern Railway) on 9th November 1961. aDelhi,bManager of Publications,c1964. a15 p.c34 cm. aCover title. 0aRailroad accidentszIndia.0 aReport on accident to no. 14 down Madras-Bombay Janata express at Kosgi (Southern Railway) c68038d68038